| 000 | 00605nam a22001937a 4500 | ||
|---|---|---|---|
| 005 | 20251108170849.0 | ||
| 008 | 250721s1999 xx 000 0 ara d | ||
| 082 | 1 | 4 | _a811.909/جزا |
| 100 | 1 | _aالجزائري، محمد | |
| 245 | 1 | 0 |
_aآلة الكلام النقدية : _bدراسة في بنائية النص الشعري / |
| 264 | 1 |
_aدمشق : _bاتحاد الكتاب العرب، _c1999. |
|
| 300 | _a306ص. | ||
| 650 | 1 | 7 | _aالشعر العربي |
| 650 | 1 | 7 | _aالنقد الأدبي |
| 650 | 1 | 7 | _aالعراق |
| 650 | 1 | 7 | _aالشخصيات |
| 942 |
_2ddc _cBK |
||
| 999 |
_c50816 _d50816 |
||